La integración sudamericana como requisito para la independencia /

Guardado en:
書目詳細資料
主要作者: Zôpel, Christoph
格式: Texto
標簽: 添加標簽
沒有標簽, 成為第一個標記此記錄!

MARC

LEADER 00000 a a2200000 04500
001 10914
003
040
100 |a Zôpel, Christoph  
245 |a La integración sudamericana como requisito para la independencia /  |c Christoph Zôpel 
773 |g número 216; páginas 25-34  
999 |c 31094  |d 31094